[Event "Benidorm Satellite preliminary"]
[Site "playchess.com #007036"]
[Date "2009.10.24"]
[Round "1"]
[White "TheMaster15"]
[Black "SteinerKarl"]
[Result "1-0"]
[WhiteElo "2337"]
[BlackElo "1651"]
[PlyCount "75"]
[EventDate "2009.10.24"]
[EventType "swiss (blitz)"]

1. e4 {[%emt 0:00:00]} e6 {[%emt 0:00:03]} 2. d4 {[%emt 0:00:02]} d5 {[%emt 0:
00:02]} 3. Nc3 {[%emt 0:00:01]} Nf6 {[%emt 0:00:02]} 4. Bg5 {[%emt 0:00:01]}
Be7 {[%emt 0:00:01]} 5. Bxf6 {[%emt 0:00:01]} Bxf6 {[%emt 0:00:03]} 6. e5 {
[%emt 0:00:00]} Be7 {[%emt 0:00:06]} 7. Qg4 {[%emt 0:00:01]} O-O {[%emt 0:00:
16]} 8. O-O-O {[%emt 0:00:01]} f6 {[%emt 0:00:12]} 9. f4 {[%emt 0:00:03]} f5 {
[%emt 0:00:06]} 10. Qh3 {[%emt 0:00:01]} c5 {[%emt 0:00:11]} 11. dxc5 {[%emt 0:
00:01]} Bxc5 {[%emt 0:00:02]} 12. Kb1 {[%emt 0:00:01]} Nc6 {[%emt 0:00:05]} 13.
Nf3 {[%emt 0:00:03]} Qe8 {[%emt 0:00:10]} 14. g4 {[%emt 0:00:01]} fxg4 {[%emt
0:00:17]} 15. Qxg4 {[%emt 0:00:01]} Qg6 {[%emt 0:00:10]} 16. Ng5 {[%emt 0:00:
42]} Nd4 {[%emt 0:00:09]} 17. Bd3 {[%emt 0:00:23]} Nf5 {[%emt 0:00:07]} 18. h4
{[%emt 0:00:08]} h6 {[%emt 0:00:10]} 19. h5 {[%emt 0:00:01]} Qe8 {[%emt 0:00:
29]} 20. Bxf5 {[%emt 0:00:19]} Rxf5 {[%emt 0:00:09]} 21. Nf3 {[%emt 0:00:09]}
Qf7 {[%emt 0:00:13]} 22. Ne2 {[%emt 0:00:01]} Bd7 {[%emt 0:00:11]} 23. Nfd4 {
[%emt 0:00:17]} Bxd4 {[%emt 0:00:08]} 24. Rxd4 {[%emt 0:00:01]} Be8 {[%emt 0:
00:05]} 25. Ng3 {[%emt 0:00:03]} Rc8 {[%emt 0:00:19]} 26. Nxf5 {[%emt 0:00:02]}
Qxf5 {[%emt 0:00:02]} 27. Qxf5 {[%emt 0:00:01]} exf5 {[%emt 0:00:01]} 28. Rhd1
{[%emt 0:00:08] .} Bxh5 {[%emt 0:00:02]} 29. Re1 {[%emt 0:00:01]} Bf7 {[%emt 0:
00:03]} 30. e6 {[%emt 0:00:01]} Be8 {[%emt 0:00:02]} 31. Rxd5 {[%emt 0:00:02]}
g6 {[%emt 0:00:02]} 32. e7 {[%emt 0:00:03]} Kf7 {[%emt 0:00:02]} 33. Rd8 {
[%emt 0:00:02]} Rc6 {[%emt 0:00:03]} 34. b3 {[%emt 0:00:09]} a6 {[%emt 0:00:03]
} 35. c4 {[%emt 0:00:01]} b5 {[%emt 0:00:02]} 36. cxb5 {[%emt 0:00:01]} axb5 {
[%emt 0:00:02]} 37. Re5 {[%emt 0:00:01]} Kf6 {[%emt 0:00:03]} 38. Rxe8 {[%emt
0:00:02] SteinerKarl gibt auf} 1-0

[Event "Benidorm Satellite preliminary"]
[Site "playchess.com #007036"]
[Date "2009.10.24"]
[Round "1"]
[White "LaOla"]
[Black "JohnMLN"]
[Result "1-0"]
[WhiteElo "2392"]
[BlackElo "1673"]
[PlyCount "65"]
[EventDate "2009.10.24"]
[EventType "swiss (blitz)"]

1. e4 {[%emt 0:00:01]} c5 {[%emt 0:00:18]} 2. Nf3 {[%emt 0:00:02]} d6 {[%emt 0:
00:25]} 3. d4 {[%emt 0:00:01]} cxd4 {[%emt 0:00:02]} 4. Nxd4 {[%emt 0:00:00]}
Nf6 {[%emt 0:00:01]} 5. Nc3 {[%emt 0:00:02]} a6 {[%emt 0:00:07]} 6. h3 {[%emt
0:00:01]} e6 {[%emt 0:00:08]} 7. g4 {[%emt 0:00:02]} Be7 {[%emt 0:00:02]} 8.
Bg2 {[%emt 0:00:01]} Nbd7 {[%emt 0:00:02]} 9. Be3 {[%emt 0:00:01]} Qc7 {[%emt
0:00:16]} 10. O-O {[%emt 0:00:09]} Rb8 {[%emt 0:00:11]} 11. a4 {[%emt 0:00:02]}
b6 {[%emt 0:00:03]} 12. Qe2 {[%emt 0:00:03]} Bb7 {[%emt 0:00:01]} 13. Rad1 {
[%emt 0:00:02]} Nc5 {[%emt 0:00:02]} 14. Bc1 {[%emt 0:00:13]} h5 {[%emt 0:00:
02]} 15. g5 {[%emt 0:00:04]} Nfd7 {[%emt 0:00:02]} 16. h4 {[%emt 0:00:01]} Ne5
{[%emt 0:00:02]} 17. f4 {[%emt 0:00:20]} Ng4 {[%emt 0:00:02]} 18. f5 {[%emt 0:
00:06]} g6 {[%emt 0:00:21]} 19. fxg6 {[%emt 0:00:16]} fxg6 {[%emt 0:00:36]} 20.
Bf3 {[%emt 0:00:02]} Ne5 {[%emt 0:00:04]} 21. Bg2 {[%emt 0:00:01]} Kd7 {[%emt
0:00:11]} 22. Bh3 {[%emt 0:00:03]} Ng4 {[%emt 0:00:08]} 23. b4 {[%emt 0:00:08]}
e5 {[%emt 0:00:24]} 24. Nf3 {[%emt 0:00:53] .} Ne6 {[%emt 0:00:02]} 25. Nd5 {
[%emt 0:00:08]} Qc8 {[%emt 0:00:13]} 26. Nxb6+ {[%emt 0:00:02]} Ke8 {[%emt 0:
00:02]} 27. Nxc8 {[%emt 0:00:01]} Rxc8 {[%emt 0:00:00]} 28. Nh2 {[%emt 0:00:10]
} Nxh2 {[%emt 0:00:02]} 29. Kxh2 {[%emt 0:00:01]} Nd4 {[%emt 0:00:02]} 30. Rxd4
{[%emt 0:00:02]} Rxc2 {[%emt 0:00:00]} 31. Qxc2 {[%emt 0:00:02]} exd4 {[%emt 0:
00:00]} 32. Qc7 {[%emt 0:00:05]} Rf8 {[%emt 0:00:05]} 33. Bd7# {[%emt 0:00:03]}
1-0

[Event "Benidorm Satellite preliminary"]
[Site "playchess.com #007036"]
[Date "2009.10.24"]
[Round "1"]
[White "Hatimati"]
[Black "Slobster"]
[Result "1-0"]
[WhiteElo "2473"]
[BlackElo "1684"]
[PlyCount "95"]
[EventDate "2009.10.24"]
[EventType "swiss (blitz)"]

1. e4 {[%emt 0:00:01]} d5 {[%emt 0:00:02]} 2. exd5 {[%emt 0:00:01]} Nf6 {[%emt
0:00:01]} 3. Nc3 {[%emt 0:00:01]} Nxd5 {[%emt 0:00:01]} 4. Nf3 {[%emt 0:00:01]}
g6 {[%emt 0:00:04]} 5. Bc4 {[%emt 0:00:02]} Be6 {[%emt 0:00:06]} 6. Ng5 {[%emt
0:00:10]} Nxc3 {[%emt 0:00:09]} 7. Nxe6 {[%emt 0:00:01]} Nxd1 {[%emt 0:00:04]}
8. Nxd8 {[%emt 0:00:01]} Kxd8 {[%emt 0:00:09]} 9. Kxd1 {[%emt 0:00:11]} e6 {
[%emt 0:00:03]} 10. d4 {[%emt 0:00:03]} Bg7 {[%emt 0:00:01]} 11. c3 {[%emt 0:
00:01]} Nc6 {[%emt 0:00:01]} 12. Bg5+ {[%emt 0:00:01]} f6 {[%emt 0:00:04]} 13.
Bh4 {[%emt 0:00:02]} Kd7 {[%emt 0:00:02]} 14. Kc2 {[%emt 0:00:01]} Na5 {[%emt
0:00:07]} 15. Bb5+ {[%emt 0:00:02]} c6 {[%emt 0:00:04]} 16. Be2 {[%emt 0:00:02]
} b6 {[%emt 0:00:08]} 17. b4 {[%emt 0:00:04]} Nb7 {[%emt 0:00:02]} 18. Rhe1 {
[%emt 0:00:02]} Rae8 {[%emt 0:00:06]} 19. f4 {[%emt 0:00:02]} Nd6 {[%emt 0:00:
02]} 20. c4 {[%emt 0:00:03]} Nf5 {[%emt 0:00:04]} 21. Bf2 {[%emt 0:00:01]} Kc7
{[%emt 0:00:08]} 22. a4 {[%emt 0:00:10]} Rd8 {[%emt 0:00:06]} 23. Rad1 {[%emt
0:00:01]} e5 {[%emt 0:00:07]} 24. fxe5 {[%emt 0:00:06]} fxe5 {[%emt 0:00:01]}
25. d5 {[%emt 0:00:02]} cxd5 {[%emt 0:00:09]} 26. Rxd5 {[%emt 0:00:00]} Rxd5 {
[%emt 0:00:09]} 27. cxd5 {[%emt 0:00:00]} Rc8 {[%emt 0:00:13]} 28. Kd3 {[%emt
0:00:04]} Kd6 {[%emt 0:00:17]} 29. Bf3 {[%emt 0:00:02]} Ne7 {[%emt 0:00:06]}
30. Rd1 {[%emt 0:00:05]} Nf5 {[%emt 0:00:30]} 31. a5 {[%emt 0:00:07]} bxa5 {
[%emt 0:00:04]} 32. bxa5 {[%emt 0:00:00]} a6 {[%emt 0:00:07]} 33. Rb1 {[%emt 0:
00:03]} Nd4 {[%emt 0:00:13]} 34. Bxd4 {[%emt 0:00:03]} exd4 {[%emt 0:00:01]}
35. Rb6+ {[%emt 0:00:01]} Ke5 {[%emt 0:00:06]} 36. Re6+ {[%emt 0:00:01]} Kf5 {
[%emt 0:00:04]} 37. Rxa6 {[%emt 0:00:01]} Rc3+ {[%emt 0:00:02]} 38. Ke2 {[%emt
0:00:01]} Ra3 {[%emt 0:00:07]} 39. Re6 {[%emt 0:00:15]} d3+ {[%emt 0:00:03]}
40. Ke3 {[%emt 0:00:08]} Bh6+ {[%emt 0:00:01]} 41. Kd4 {[%emt 0:00:01]} d2 {
[%emt 0:00:05]} 42. Re5+ {[%emt 0:00:02]} Kf6 {[%emt 0:00:02]} 43. d6 {[%emt 0:
00:03]} Ra1 {[%emt 0:00:08]} 44. Rd5 {[%emt 0:00:08]} d1=Q+ {[%emt 0:00:05]}
45. Bxd1 {[%emt 0:00:02]} Rxd1+ {[%emt 0:00:01]} 46. Kc5 {[%emt 0:00:00]} Rxd5+
{[%emt 0:00:08]} 47. Kxd5 {[%emt 0:00:00]} Bf8 {[%emt 0:00:02]} 48. a6 {[%emt
0:00:02] Slobster ger upp} 1-0

[Event "Benidorm Satellite preliminary"]
[Site "playchess.com #007036"]
[Date "2009.10.24"]
[Round "1"]
[White "LordSeban"]
[Black "chess-vador"]
[Result "1-0"]
[WhiteElo "2707"]
[BlackElo "1805"]
[PlyCount "97"]
[EventDate "2009.10.24"]
[EventType "swiss (blitz)"]

1. d4 {[%emt 0:00:01]} Nf6 {[%emt 0:00:03]} 2. c4 {[%emt 0:00:01]} g6 {[%emt 0:
00:01]} 3. Nc3 {[%emt 0:00:02]} Bg7 {[%emt 0:00:02]} 4. e4 {[%emt 0:00:01]} d6
{[%emt 0:00:02]} 5. f3 {[%emt 0:00:01]} O-O {[%emt 0:00:02]} 6. Be3 {[%emt 0:
00:01]} Nc6 {[%emt 0:00:02]} 7. Qd2 {[%emt 0:00:03]} a6 {[%emt 0:00:01]} 8.
Nge2 {[%emt 0:00:09]} Rb8 {[%emt 0:00:10]} 9. Nc1 {[%emt 0:00:04]} e5 {[%emt 0:
00:03]} 10. d5 {[%emt 0:00:01]} Nd4 {[%emt 0:00:03]} 11. Nb3 {[%emt 0:00:02]}
c5 {[%emt 0:00:05]} 12. dxc6 {[%emt 0:00:03]} bxc6 {[%emt 0:00:11]} 13. Nxd4 {
[%emt 0:00:07]} exd4 {[%emt 0:00:01]} 14. Bxd4 {[%emt 0:00:00]} Re8 {[%emt 0:
00:12]} 15. Be2 {[%emt 0:00:02]} Be6 {[%emt 0:00:24]} 16. O-O {[%emt 0:00:02]}
d5 {[%emt 0:00:02]} 17. exd5 {[%emt 0:00:09]} cxd5 {[%emt 0:00:02]} 18. c5 {
[%emt 0:00:01]} Qa5 {[%emt 0:00:22]} 19. a3 {[%emt 0:00:08]} Nd7 {[%emt 0:00:
48]} 20. b4 {[%emt 0:00:05]} Qc7 {[%emt 0:00:03]} 21. Bxa6 {[%emt 0:00:03]} Ne5
{[%emt 0:00:09]} 22. Rfe1 {[%emt 0:00:06]} Red8 {[%emt 0:00:20]} 23. Bf1 {
[%emt 0:00:04]} Nc4 {[%emt 0:00:19]} 24. Qf2 {[%emt 0:00:02]} Qf4 {[%emt 0:00:
13]} 25. Bxg7 {[%emt 0:00:04]} Kxg7 {[%emt 0:00:02]} 26. Qg3 {[%emt 0:00:03]}
Qd4+ {[%emt 0:00:02]} 27. Kh1 {[%emt 0:00:13] chess-vador propose la nulle}
Qxc3 {[%emt 0:00:02]} 28. c6 {[%emt 0:00:02]} Rdc8 {[%emt 0:00:06]} 29. Rac1 {
[%emt 0:00:11]} Qxa3 {[%emt 0:00:01]} 30. c7 {[%emt 0:00:01]} Rb7 {[%emt 0:00:
02]} 31. b5 {[%emt 0:00:03]} Rxb5 {[%emt 0:00:01]} 32. Bxc4 {[%emt 0:00:10]}
dxc4 {[%emt 0:00:01]} 33. Qf4 {[%emt 0:00:07]} Qc5 {[%emt 0:00:01]} 34. h4 {
[%emt 0:00:13]} Rxc7 {[%emt 0:00:01]} 35. h5 {[%emt 0:00:01]} Qxh5+ {[%emt 0:
00:02]} 36. Kg1 {[%emt 0:00:01]} Qc5+ {[%emt 0:00:02]} 37. Kh1 {[%emt 0:00:02]}
Rbb7 {[%emt 0:00:02]} 38. Re5 {[%emt 0:00:04]} Qd6 {[%emt 0:00:04]} 39. Rce1 {
[%emt 0:00:02]} Rb2 {[%emt 0:00:04]} 40. Qe3 {[%emt 0:00:05]} Qd3 {[%emt 0:00:
02]} 41. Rxe6 {[%emt 0:00:03]} fxe6 {[%emt 0:00:02]} 42. Qe5+ {[%emt 0:00:01]}
Kf7 {[%emt 0:00:03]} 43. Qxc7+ {[%emt 0:00:01]} Kf6 {[%emt 0:00:03]} 44. Qe5+ {
[%emt 0:00:01]} Kf7 {[%emt 0:00:02]} 45. Qxb2 {[%emt 0:00:01]} c3 {[%emt 0:00:
01]} 46. Qe2 {[%emt 0:00:01]} Qd4 {[%emt 0:00:03]} 47. Qc2 {[%emt 0:00:01]} Qd2
{[%emt 0:00:02]} 48. Qxd2 {[%emt 0:00:02]} cxd2 {[%emt 0:00:00]} 49. Rd1 {
[%emt 0:00:00] chess-vador abandonne} 1-0

[Event "Benidorm Satellite preliminary"]
[Site "playchess.com #007036"]
[Date "2009.10.24"]
[Round "1"]
[White "Bobby Short"]
[Black "Jan der U"]
[Result "1/2-1/2"]
[WhiteElo "1398"]
[BlackElo "2056"]
[PlyCount "87"]
[EventDate "2009.10.24"]
[EventType "swiss (blitz)"]

1. e4 {[%emt 0:01:16]} c5 {[%emt 0:00:02]} 2. Nf3 {[%emt 0:00:02]} g6 {[%emt 0:
00:01]} 3. Bc4 {[%emt 0:00:01]} Nc6 {[%emt 0:00:02]} 4. d4 {[%emt 0:00:03]}
cxd4 {[%emt 0:00:05]} 5. Nxd4 {[%emt 0:00:02]} Bg7 {[%emt 0:00:01]} 6. c3 {
[%emt 0:00:02]} Nxd4 {[%emt 0:00:06]} 7. cxd4 {[%emt 0:00:02]} e6 {[%emt 0:00:
00]} 8. Nc3 {[%emt 0:00:02]} Ne7 {[%emt 0:00:02]} 9. Be3 {[%emt 0:00:01]} O-O {
[%emt 0:00:03]} 10. O-O {[%emt 0:00:02]} d5 {[%emt 0:00:01]} 11. exd5 {[%emt 0:
00:02]} Nxd5 {[%emt 0:00:02]} 12. Nxd5 {[%emt 0:00:02]} exd5 {[%emt 0:00:00]}
13. Bd3 {[%emt 0:00:02]} Be6 {[%emt 0:00:06]} 14. Rc1 {[%emt 0:00:02]} Qb6 {
[%emt 0:00:02]} 15. Qd2 {[%emt 0:00:02]} Bxd4 {[%emt 0:00:05]} 16. Bxd4 {[%emt
0:00:05]} Qxd4 {[%emt 0:00:00]} 17. Rfe1 {[%emt 0:00:04]} Rac8 {[%emt 0:00:07]}
18. Rxc8 {[%emt 0:00:09]} Rxc8 {[%emt 0:00:02]} 19. Qe2 {[%emt 0:00:02]} a5 {
[%emt 0:00:14]} 20. b3 {[%emt 0:00:02]} Rc3 {[%emt 0:00:05]} 21. Bb1 {[%emt 0:
00:05]} Qc5 {[%emt 0:00:03]} 22. Qd2 {[%emt 0:00:07]} b5 {[%emt 0:00:07]} 23.
h3 {[%emt 0:00:01]} a4 {[%emt 0:00:03]} 24. bxa4 {[%emt 0:00:02]} bxa4 {[%emt
0:00:00]} 25. Kh2 {[%emt 0:00:08]} a3 {[%emt 0:00:02]} 26. Re3 {[%emt 0:00:05]}
d4 {[%emt 0:00:05]} 27. Rd3 {[%emt 0:00:04]} Rxd3 {[%emt 0:00:07]} 28. Qxd3 {
[%emt 0:00:03]} Kg7 {[%emt 0:00:09]} 29. h4 {[%emt 0:00:05]} Qc3 {[%emt 0:00:
07]} 30. Qe4 {[%emt 0:00:03]} Qc7+ {[%emt 0:00:17]} 31. g3 {[%emt 0:00:05]} Qd6
{[%emt 0:00:01]} 32. h5 {[%emt 0:00:02]} Bf5 {[%emt 0:00:03]} 33. Qe1 {[%emt 0:
00:05]} Bxb1 {[%emt 0:00:03]} 34. Qxb1 {[%emt 0:00:02]} d3 {[%emt 0:00:01]} 35.
hxg6 {[%emt 0:00:02]} hxg6 {[%emt 0:00:01]} 36. Qd1 {[%emt 0:00:02]} Qd5 {
[%emt 0:00:05]} 37. Qd2 {[%emt 0:00:04]} Qc4 {[%emt 0:00:06]} 38. Kg2 {[%emt 0:
00:05]} Qc2 {[%emt 0:00:01]} 39. Qe3 {[%emt 0:00:06]} d2 {[%emt 0:00:24]} 40.
Qd4+ {[%emt 0:00:03]} Kh7 {[%emt 0:00:25]} 41. Qh4+ {[%emt 0:00:04]} Kg7 {
[%emt 0:00:01]} 42. Qd4+ {[%emt 0:00:01]} Kh6 {[%emt 0:00:00]} 43. Qh4+ {[%emt
0:00:02]} Kg7 {[%emt 0:00:01]} 44. Qd4+ {[%emt 0:00:01]} 1/2-1/2

[Event "Benidorm Satellite preliminary"]
[Site "playchess.com #007036"]
[Date "2009.10.24"]
[Round "1"]
[White "Althusius"]
[Black "Immer Letzter"]
[Result "0-1"]
[WhiteElo "1713"]
[BlackElo "2538"]
[PlyCount "74"]
[EventDate "2009.10.24"]
[EventType "swiss (blitz)"]

1. d4 {[%emt 0:00:26]} Nf6 {[%emt 0:00:02]} 2. Nf3 {[%emt 0:00:03]} e6 {[%emt
0:00:02]} 3. c4 {[%emt 0:00:05]} Bb4+ {[%emt 0:00:03]} 4. Bd2 {[%emt 0:00:03]}
Qe7 {[%emt 0:00:01]} 5. g3 {[%emt 0:00:04]} b6 {[%emt 0:00:01]} 6. Bg2 {[%emt
0:00:02]} Bb7 {[%emt 0:00:01]} 7. O-O {[%emt 0:00:02]} Bxd2 {[%emt 0:00:03]} 8.
Qxd2 {[%emt 0:00:09]} d6 {[%emt 0:00:01]} 9. Nc3 {[%emt 0:00:03]} Ne4 {[%emt 0:
00:03]} 10. Nxe4 {[%emt 0:00:04]} Bxe4 {[%emt 0:00:01]} 11. Qf4 {[%emt 0:00:01]
} f5 {[%emt 0:00:06]} 12. Nd2 {[%emt 0:00:27]} Bxg2 {[%emt 0:00:03]} 13. Kxg2 {
[%emt 0:00:01]} Nd7 {[%emt 0:00:13]} 14. e4 {[%emt 0:00:04]} O-O {[%emt 0:00:
18]} 15. e5 {[%emt 0:00:50]} dxe5 {[%emt 0:00:26]} 16. dxe5 {[%emt 0:00:01]}
Rfd8 {[%emt 0:00:13]} 17. Nb3 {[%emt 0:00:21]} a5 {[%emt 0:00:28]} 18. Rad1 {
[%emt 0:00:03]} Nc5 {[%emt 0:00:11]} 19. Nxc5 {[%emt 0:00:04]} Qxc5 {[%emt 0:
00:01]} 20. b3 {[%emt 0:00:18]} h6 {[%emt 0:00:01]} 21. h4 {[%emt 0:00:11]} a4
{[%emt 0:00:02]} 22. Qf3 {[%emt 0:00:13]} axb3 {[%emt 0:00:13] '} 23. axb3 {
[%emt 0:00:01]} Qxe5 {[%emt 0:00:01]} 24. Rfe1 {[%emt 0:00:03]} Qf6 {[%emt 0:
00:01]} 25. Qc6 {[%emt 0:00:04]} Ra2 {[%emt 0:00:36]} 26. Qxe6+ {[%emt 0:00:03]
} Qxe6 {[%emt 0:00:04]} 27. Rxd8+ {[%emt 0:00:01]} Kf7 {[%emt 0:00:00]} 28.
Rxe6 {[%emt 0:00:01]} Kxe6 {[%emt 0:00:01]} 29. Rg8 {[%emt 0:00:01]} Kf7 {
[%emt 0:00:01]} 30. Rc8 {[%emt 0:00:01]} Ra7 {[%emt 0:00:02]} 31. Rd8 {[%emt 0:
00:01]} g6 {[%emt 0:00:01]} 32. b4 {[%emt 0:00:01]} h5 {[%emt 0:00:02]} 33.
Rd7+ {[%emt 0:00:01]} Ke6 {[%emt 0:00:01]} 34. Rd5 {[%emt 0:00:01]} Ra4 {[%emt
0:00:03]} 35. Rd8 {[%emt 0:00:02]} Rxb4 {[%emt 0:00:01]} 36. Re8+ {[%emt 0:00:
01]} Kf7 {[%emt 0:00:03]} 37. Rd8 {[%emt 0:00:03]} Rxc4 {[%emt 0:00:01]
Althusius resigns} 0-1

[Event "Benidorm Satellite preliminary"]
[Site "playchess.com #007036"]
[Date "2009.10.24"]
[Round "1"]
[White "MONFMA0214"]
[Black "Chess_Lion"]
[Result "0-1"]
[WhiteElo "1616"]
[BlackElo "2276"]
[PlyCount "74"]
[EventDate "2009.10.24"]
[EventType "swiss (blitz)"]

1. e4 {[%emt 0:00:01]} c5 {[%emt 0:00:01]} 2. Nf3 {[%emt 0:00:02]} d6 {[%emt 0:
00:01]} 3. c4 {[%emt 0:00:02]} Bg4 {[%emt 0:00:02]} 4. Be2 {[%emt 0:00:04]} Nc6
{[%emt 0:00:02]} 5. h3 {[%emt 0:00:05]} Bxf3 {[%emt 0:00:01]} 6. Bxf3 {[%emt 0:
00:02]} g6 {[%emt 0:00:01]} 7. Nc3 {[%emt 0:00:03]} Bg7 {[%emt 0:00:03]} 8. d3
{[%emt 0:00:11]} e6 {[%emt 0:00:01]} 9. Be3 {[%emt 0:00:04]} Nge7 {[%emt 0:00:
02]} 10. O-O {[%emt 0:00:04]} O-O {[%emt 0:00:02]} 11. Qd2 {[%emt 0:00:05]} Nd4
{[%emt 0:00:11]} 12. Bxd4 {[%emt 0:00:10]} Bxd4 {[%emt 0:00:02]} 13. Ne2 {
[%emt 0:00:02]} Nc6 {[%emt 0:00:01]} 14. Rab1 {[%emt 0:00:15]} a5 {[%emt 0:00:
06]} 15. a3 {[%emt 0:00:02]} Qf6 {[%emt 0:00:02]} 16. Nc3 {[%emt 0:00:15]} Rad8
{[%emt 0:00:17]} 17. Nb5 {[%emt 0:00:02]} Kg7 {[%emt 0:00:09]} 18. g3 {[%emt 0:
00:31]} Qe5 {[%emt 0:00:19]} 19. Kh2 {[%emt 0:00:14]} h5 {[%emt 0:00:04]} 20.
Bg2 {[%emt 0:00:06]} Qf6 {[%emt 0:00:07]} 21. f4 {[%emt 0:00:04]} h4 {[%emt 0:
00:04]} 22. g4 {[%emt 0:00:08]} g5 {[%emt 0:00:17]} 23. fxg5 {[%emt 0:00:10]}
Be5+ {[%emt 0:00:02]} 24. Kh1 {[%emt 0:00:04]} Qg6 {[%emt 0:00:01]} 25. Rf3 {
[%emt 0:00:11]} Rd7 {[%emt 0:00:01]} 26. Rbf1 {[%emt 0:00:04]} b6 {[%emt 0:00:
18]} 27. Qf2 {[%emt 0:00:13]} Qxg5 {[%emt 0:00:07]} 28. Kg1 {[%emt 0:00:16]}
Nd4 {[%emt 0:00:06]} 29. Qe3 {[%emt 0:00:15]} Nxf3+ {[%emt 0:00:04]} 30. Qxf3 {
[%emt 0:00:04]} Qg6 {[%emt 0:00:03]} 31. Rf2 {[%emt 0:00:03]} Re8 {[%emt 0:00:
04]} 32. Kh1 {[%emt 0:00:01]} d5 {[%emt 0:00:01]} 33. Qe2 {[%emt 0:00:02]} dxc4
{[%emt 0:00:03]} 34. dxc4 {[%emt 0:00:02]} Red8 {[%emt 0:00:01]} 35. Rf1 {
[%emt 0:00:02]} Rd2 {[%emt 0:00:02]} 36. Qe3 {[%emt 0:00:03]} Rxb2 {[%emt 0:00:
03]} 37. Bf3 {[%emt 0:00:05]} Rdd2 {[%emt 0:00:07] Tiempo} 0-1

[Event "Benidorm Satellite preliminary"]
[Site "playchess.com #007036"]
[Date "2009.10.24"]
[Round "1"]
[White "huseyinist"]
[Black "Goldaxe"]
[Result "0-1"]
[WhiteElo "1429"]
[BlackElo "2078"]
[PlyCount "90"]
[EventDate "2009.10.24"]
[EventType "swiss (blitz)"]

1. e4 {[%emt 0:00:00]} c5 {[%emt 0:00:02]} 2. Nf3 {[%emt 0:00:01]} d6 {[%emt 0:
00:01]} 3. d4 {[%emt 0:00:02]} cxd4 {[%emt 0:00:01]} 4. Nxd4 {[%emt 0:00:00]}
Nf6 {[%emt 0:00:01]} 5. Nc3 {[%emt 0:00:01]} g6 {[%emt 0:00:01]} 6. Be3 {[%emt
0:00:02]} Bg7 {[%emt 0:00:01]} 7. Be2 {[%emt 0:00:02]} O-O {[%emt 0:00:03]} 8.
Qd2 {[%emt 0:00:00]} Nc6 {[%emt 0:00:02]} 9. f3 {[%emt 0:00:05]} d5 {[%emt 0:
00:05]} 10. exd5 {[%emt 0:00:08]} Nxd5 {[%emt 0:00:02]} 11. Nxd5 {[%emt 0:00:
03]} Qxd5 {[%emt 0:00:02]} 12. c3 {[%emt 0:00:10]} Nxd4 {[%emt 0:00:16]} 13.
Bxd4 {[%emt 0:00:06]} Rd8 {[%emt 0:00:06]} 14. Rd1 {[%emt 0:00:16]} Qxa2 {
[%emt 0:00:12]} 15. Qc2 {[%emt 0:00:04]} Bf5 {[%emt 0:00:06]} 16. Qc1 {[%emt 0:
00:10]} Qe6 {[%emt 0:00:28]} 17. Bxg7 {[%emt 0:00:14]} Kxg7 {[%emt 0:00:03]}
18. Rxd8 {[%emt 0:00:08]} Rxd8 {[%emt 0:00:03]} 19. b4 {[%emt 0:00:10]} Rd5 {
[%emt 0:00:23]} 20. Kf2 {[%emt 0:00:06]} Qb6+ {[%emt 0:00:05]} 21. Kg3 {[%emt
0:00:06]} Be6 {[%emt 0:00:07]} 22. Re1 {[%emt 0:00:14]} h6 {[%emt 0:00:05]} 23.
h4 {[%emt 0:00:03]} Qd6+ {[%emt 0:00:11]} 24. Qf4 {[%emt 0:00:24]} Qxf4+ {
[%emt 0:00:12]} 25. Kxf4 {[%emt 0:00:01]} Rd2 {[%emt 0:00:01]} 26. Ke3 {[%emt
0:00:07]} Rd8 {[%emt 0:00:08]} 27. Rd1 {[%emt 0:00:03]} Rxd1 {[%emt 0:00:02]}
28. Bxd1 {[%emt 0:00:01]} Kf6 {[%emt 0:00:01]} 29. g4 {[%emt 0:00:03]} g5 {
[%emt 0:00:03]} 30. h5 {[%emt 0:00:06]} Ke5 {[%emt 0:00:02]} 31. Bc2 {[%emt 0:
00:04]} Bd5 {[%emt 0:00:04]} 32. Bd3 {[%emt 0:00:05]} e6 {[%emt 0:00:03]} 33.
c4 {[%emt 0:00:01]} Bc6 {[%emt 0:00:03]} 34. b5 {[%emt 0:00:03]} Bd7 {[%emt 0:
00:01]} 35. Be4 {[%emt 0:00:01]} b6 {[%emt 0:00:03]} 36. Ba8 {[%emt 0:00:05]}
f5 {[%emt 0:00:03]} 37. Bb7 {[%emt 0:00:07]} fxg4 {[%emt 0:00:10]} 38. fxg4 {
[%emt 0:00:01]} Kd6 {[%emt 0:00:09]} 39. Be4 {[%emt 0:00:04]} Kc5 {[%emt 0:00:
02]} 40. Kd3 {[%emt 0:00:02]} e5 {[%emt 0:00:02]} 41. Bf5 {[%emt 0:00:03]}
Bxf5+ {[%emt 0:00:04]} 42. gxf5 {[%emt 0:00:01]} Kd6 {[%emt 0:00:01]} 43. Ke4 {
[%emt 0:00:01]} g4 {[%emt 0:00:04]} 44. Ke3 {[%emt 0:00:08]} Ke7 {[%emt 0:00:
02]} 45. Ke4 {[%emt 0:00:04]} Kf6 {[%emt 0:00:01] huseyinist Terk} 0-1

[Event "Benidorm Satellite preliminary"]
[Site "playchess.com #007036"]
[Date "2009.10.24"]
[Round "1"]
[White "Vasily Mln"]
[Black "Kampfgeist"]
[Result "1-0"]
[WhiteElo "2045"]
[BlackElo "1322"]
[PlyCount "83"]
[EventDate "2009.10.24"]
[EventType "swiss (blitz)"]

1. Nf3 {[%emt 0:00:00]} Nf6 {[%emt 0:00:02]} 2. d4 {[%emt 0:00:01]} g6 {[%emt
0:00:02]} 3. c4 {[%emt 0:00:01]} d5 {[%emt 0:00:02]} 4. Nc3 {[%emt 0:00:04]}
Bg7 {[%emt 0:00:01]} 5. e3 {[%emt 0:00:01]} O-O {[%emt 0:00:03]} 6. Be2 {[%emt
0:00:01]} Re8 {[%emt 0:00:04]} 7. O-O {[%emt 0:00:01]} c6 {[%emt 0:00:06]} 8.
a4 {[%emt 0:00:07]} a6 {[%emt 0:00:08]} 9. Rb1 {[%emt 0:00:06]} Bf5 {[%emt 0:
00:04]} 10. Bd3 {[%emt 0:00:01]} Bxd3 {[%emt 0:00:03]} 11. Qxd3 {[%emt 0:00:00]
} Nbd7 {[%emt 0:00:06]} 12. Ne5 {[%emt 0:00:08]} Nxe5 {[%emt 0:00:03]} 13. dxe5
{[%emt 0:00:00]} Ng4 {[%emt 0:00:05]} 14. f4 {[%emt 0:00:02]} e6 {[%emt 0:00:
07]} 15. b4 {[%emt 0:00:13]} Qh4 {[%emt 0:00:09]} 16. h3 {[%emt 0:00:03]} Nh6 {
[%emt 0:00:06]} 17. e4 {[%emt 0:00:21]} dxe4 {[%emt 0:00:09]} 18. Nxe4 {[%emt
0:00:07]} Rad8 {[%emt 0:00:09]} 19. Qf3 {[%emt 0:00:01]} Nf5 {[%emt 0:00:03]}
20. b5 {[%emt 0:00:19]} Nd4 {[%emt 0:00:09]} 21. Qf2 {[%emt 0:00:01]} Qxf2+ {
[%emt 0:00:12]} 22. Kxf2 {[%emt 0:00:00]} cxb5 {[%emt 0:00:21]} 23. axb5 {
[%emt 0:00:20]} axb5 {[%emt 0:00:04]} 24. cxb5 {[%emt 0:00:04]} Rd5 {[%emt 0:
00:07]} 25. b6 {[%emt 0:01:19]} Rc8 {[%emt 0:00:09]} 26. Be3 {[%emt 0:00:05]}
Rc2+ {[%emt 0:00:05]} 27. Kg1 {[%emt 0:00:03]} Nf5 {[%emt 0:00:06]} 28. Bf2 {
[%emt 0:00:05]} Bh6 {[%emt 0:00:08]} 29. Nf6+ {[%emt 0:00:06]} Kg7 {[%emt 0:00:
02]} 30. Nxd5 {[%emt 0:00:00]} exd5 {[%emt 0:00:01]} 31. g4 {[%emt 0:00:04]}
Nd4 {[%emt 0:00:22] '} 32. g5 {[%emt 0:00:05]} Nf3+ {[%emt 0:00:02]} 33. Kh1 {
[%emt 0:00:03]} Nxg5 {[%emt 0:00:01]} 34. fxg5 {[%emt 0:00:04]} Bxg5 {[%emt 0:
00:01]} 35. Kg2 {[%emt 0:00:04]} Bf4 {[%emt 0:00:02]} 36. Kf3 {[%emt 0:00:00]}
Bxe5 {[%emt 0:00:02]} 37. Rbc1 {[%emt 0:00:02]} Rxc1 {[%emt 0:00:02]} 38. Rxc1
{[%emt 0:00:00]} d4 {[%emt 0:00:02]} 39. Rd1 {[%emt 0:00:01]} f5 {[%emt 0:00:
06]} 40. Bxd4 {[%emt 0:00:00]} Bxd4 {[%emt 0:00:01]} 41. Rxd4 {[%emt 0:00:00]}
Kf6 {[%emt 0:00:01]} 42. Rd7 {[%emt 0:00:01] Kampfgeist gibt auf} 1-0